[Event "Quebec op"]
[Site "Montreal CAN"]
[Date "1998.08.01"]
[Round "9"]
[White "Gilbert, Erick"]
[Black "Henson, Joshua"]
[Result "1/2-1/2"]
[WhiteElo "1843"]
[BlackElo "2140"]
[PlyCount "78"]
[GameId "2160767911872666"]
[EventDate "1998.07.25"]
[EventType "swiss"]
[EventRounds "9"]
[EventCountry "CAN"]
[SourceTitle "EXT 2022"]
[Source "ChessBase"]
[SourceDate "2021.10.06"]
[SourceVersion "1"]
[SourceVersionDate "2021.10.06"]
[SourceQuality "1"]

1. d4 f5 2. c4 Nf6 3. Nc3 g6 4. Nf3 Bg7 5. g3 d6 6. Bg2 O-O 7. O-O Qe8 8. Re1 Qf7 9. d5 Ne4 10. Qc2 Nxc3 11. bxc3 Na6 12. Be3 e5 13. dxe6 Qxe6 14. Nd2 c6 15. Bd4 Qf7 16. f4 Be6 17. Rab1 Nc5 18. Rb4 a5 19. Rb6 Bxc4 20. Bxc5 dxc5 21. Nxc4 Qxc4 22. Rxb7 Qxc3 23. Qxc3 Bxc3 24. Reb1 Bb4 25. Bxc6 Rad8 26. Rd7 Rfe8 27. Kf2 Rxd7 28. Bxd7 Re7 29. Bb5 Kg7 30. Rd1 Bc3 31. Rd3 Bf6 32. Rd7 Bd4+ 33. Kf3 Rxd7 34. Bxd7 c4 35. e4 c3 36. Ba4 fxe4+ 37. Kxe4 Bc5 38. g4 Kf6 39. Kd3 Bd6 1/2-1/2

[Event "Quebec op"]
[Site "Montreal CAN"]
[Date "1998.08.01"]
[Round "9"]
[White "Luksza, Arkadiusz"]
[Black "Leriche, Felix"]
[Result "0-1"]
[WhiteElo "2087"]
[BlackElo "2216"]
[PlyCount "86"]
[GameId "2160767911872668"]
[EventDate "1998.07.25"]
[EventType "swiss"]
[EventRounds "9"]
[EventCountry "CAN"]
[SourceTitle "EXT 2022"]
[Source "ChessBase"]
[SourceDate "2021.10.06"]
[SourceVersion "1"]
[SourceVersionDate "2021.10.06"]
[SourceQuality "1"]

1. d4 d5 2. Nf3 c6 3. c4 e6 4. Nc3 dxc4 5. e3 b5 6. a4 Bb4 7. Be2 Bb7 8. O-O a6 9. Qc2 Nd7 10. Rd1 Qb8 11. e4 Ngf6 12. e5 Nd5 13. Ng5 h6 14. Nxe6 fxe6 15. Qg6+ Kf8 16. Qxe6 Qe8 17. Qf5+ Qf7 18. Qh3 N7b6 19. a5 Bc8 20. Qg3 Bxc3 21. bxc3 Na4 22. Ba3+ Kg8 23. Rac1 g5 24. Re1 Qf4 25. Bf3 Be6 26. Bxd5 Bxd5 27. Qxf4 gxf4 28. e6 Re8 29. e7 Kf7 30. Re5 Rhg8 31. Rf5+ Ke6 32. Rxf4 Rxg2+ 33. Kf1 Rxh2 34. Ke2 c5 35. dxc5 Rxe7 36. Kd2 Rf7 37. Re1+ Kd7 38. Rxf7+ Bxf7 39. Rf1 Kc6 40. Ke3 Nxc5 41. Rg1 Rh3+ 42. f3 Bh5 43. Rf1 Ne6 0-1

[Event "Quebec op"]
[Site "Montreal CAN"]
[Date "1998.08.01"]
[Round "9"]
[White "Mahabir, Hugh"]
[Black "Gamback, Bjorn"]
[Result "1/2-1/2"]
[WhiteElo "2022"]
[BlackElo "2215"]
[PlyCount "50"]
[GameId "2160767911872669"]
[EventDate "1998.07.25"]
[EventType "swiss"]
[EventRounds "9"]
[EventCountry "CAN"]
[SourceTitle "EXT 2022"]
[Source "ChessBase"]
[SourceDate "2021.10.06"]
[SourceVersion "1"]
[SourceVersionDate "2021.10.06"]
[SourceQuality "1"]

1. e4 c5 2. c3 Nf6 3. e5 Nd5 4. d4 cxd4 5. cxd4 e6 6. Nc3 Nxc3 7. bxc3 Qc7 8. Bd2 d6 9. f4 b6 10. Nf3 Qc6 11. Bd3 Ba6 12. Qe2 Bxd3 13. Qxd3 d5 14. f5 Be7 15. fxe6 fxe6 16. O-O O-O 17. Bg5 Qd7 18. Bxe7 Qxe7 19. c4 Nc6 20. cxd5 Nb4 21. Qa3 Nxd5 22. Qxe7 Nxe7 23. Rac1 h6 24. Rc7 Nd5 25. Rc6 Rae8 1/2-1/2

[Event "Quebec op"]
[Site "Montreal CAN"]
[Date "1998.08.01"]
[Round "9"]
[White "Matteau, Pierre"]
[Black "Gottlieb, Jonathan"]
[Result "0-1"]
[WhiteElo "1913"]
[BlackElo "1870"]
[PlyCount "110"]
[GameId "2160767911872670"]
[EventDate "1998.07.25"]
[EventType "swiss"]
[EventRounds "9"]
[EventCountry "CAN"]
[SourceTitle "EXT 2022"]
[Source "ChessBase"]
[SourceDate "2021.10.06"]
[SourceVersion "1"]
[SourceVersionDate "2021.10.06"]
[SourceQuality "1"]

1. c4 e5 2. Nc3 Nf6 3. e4 Bc5 4. d3 Nc6 5. Be2 d6 6. Nf3 Be6 7. Bg5 Qd7 8. h3 h6 9. Be3 Nd4 10. Qd2 Nxf3+ 11. Bxf3 Bb6 12. O-O-O c5 13. Rdg1 Ba5 14. Bd1 Qc7 15. Ba4+ Bd7 16. Bxd7+ Qxd7 17. Qc2 a6 18. f3 b5 19. g4 Bxc3 20. Qxc3 b4 21. Qe1 O-O-O 22. Qf2 Qc7 23. f4 Nd7 24. f5 Nb8 25. Kb1 a5 26. h4 Nd7 27. g5 h5 28. Rh3 Qc6 29. Rf3 Nb6 30. Rc1 Kd7 31. Rg3 Rb8 32. Rg2 Rb7 33. Qe2 Na4 34. Qd1 Nb6 35. Rf2 a4 36. Qf3 a3 37. b3 Nc8 38. Rg1 Qc7 39. g6 f6 40. Qh3 Kc6 41. Qf3 Kb6 42. Rh2 Na7 43. Bg5 Nc6 44. Bxf6 gxf6 45. g7 Rg8 46. Rhg2 Qf7 47. Qe3 Nb8 48. Qh6 Re7 49. Rg6 Nd7 50. Qxh5 Rxg7 51. Qg4 Rh7 52. h5 Qf8 53. Qh4 Reg7 54. R1g2 Qh8 55. Qg4 Rxg6 0-1

[Event "Quebec op"]
[Site "Montreal CAN"]
[Date "1998.08.01"]
[Round "9"]
[White "Michaud, Gerald"]
[Black "Courval, Francois"]
[Result "1-0"]
[WhiteElo "1861"]
[BlackElo "1958"]
[PlyCount "43"]
[GameId "2160767911872671"]
[EventDate "1998.07.25"]
[EventType "swiss"]
[EventRounds "9"]
[EventCountry "CAN"]
[SourceTitle "EXT 2022"]
[Source "ChessBase"]
[SourceDate "2021.10.06"]
[SourceVersion "1"]
[SourceVersionDate "2021.10.06"]
[SourceQuality "1"]

1. d4 d5 2. Bf4 Bf5 3. e3 Nf6 4. Nf3 e6 5. Bd3 Bxd3 6. Qxd3 Nbd7 7. O-O Be7 8. h3 O-O 9. b3 c5 10. Nbd2 Rc8 11. Rfc1 cxd4 12. exd4 Ba3 13. Rcb1 Qa5 14. c4 Rc6 15. c5 b6 16. b4 Bxb4 17. Nb3 Qa4 18. a3 Ba5 19. Nxa5 Qxa5 20. Bd2 Nxc5 21. dxc5 Qxc5 22. Bb4 1-0

[Event "Quebec op"]
[Site "Montreal CAN"]
[Date "1998.08.01"]
[Round "9"]
[White "Pnevmonidis, Pantelis"]
[Black "Wenaas, Eric"]
[Result "1/2-1/2"]
[WhiteElo "2067"]
[BlackElo "2144"]
[PlyCount "127"]
[GameId "2160767911872672"]
[EventDate "1998.07.25"]
[EventType "swiss"]
[EventRounds "9"]
[EventCountry "CAN"]
[SourceTitle "EXT 2022"]
[Source "ChessBase"]
[SourceDate "2021.10.06"]
[SourceVersion "1"]
[SourceVersionDate "2021.10.06"]
[SourceQuality "1"]

1. c4 Nf6 2. Nc3 e6 3. d4 d5 4. Bg5 Nbd7 5. e3 c6 6. Nf3 Qa5 7. Qc2 Ne4 8. cxd5 cxd5 9. Bd3 Bb4 10. O-O Nxg5 11. Nxg5 h6 12. Nf3 O-O 13. Rac1 a6 14. Ne2 Bd6 15. a3 Nf6 16. Ne5 Bd7 17. f4 Bb5 18. Nc3 Bxd3 19. Qxd3 Rac8 20. Rc2 b5 21. g4 Qc7 22. Rg2 Bxe5 23. fxe5 Nh7 24. e4 Qc4 25. Qe3 Ng5 26. h4 Nxe4 27. Nxe4 dxe4 28. Qxe4 Rfd8 29. Rd2 Qd5 30. Qf4 Rd7 31. h5 Rc4 32. Rfd1 a5 33. g5 hxg5 34. Qxg5 f5 35. Qg6 Rcc7 36. h6 Rf7 37. Rg2 Qf3 38. Rdd2 Rc1+ 39. Kh2 Qf4+ 40. Kh3 Rh1+ 41. Rh2 Rxh2+ 42. Rxh2 Qxh6+ 43. Qxh6 gxh6 44. Kg3 Kg7 45. Kf4 Rc7 46. Rg2+ Kh7 47. Rd2 Rc4 48. b3 Rc3 49. d5 exd5 50. Kxf5 Kg7 51. Ke6 Rxb3 52. Kd7 Rxa3 53. Re2 h5 54. e6 Rf3 55. Re5 Kg6 56. e7 Rf7 57. Ke6 Rxe7+ 58. Kxe7 b4 59. Rxd5 a4 60. Rd4 Kg5 61. Rxb4 h4 62. Ke6 h3 63. Rxa4 h2 64. Ra1 1/2-1/2

[Event "Quebec op"]
[Site "Montreal CAN"]
[Date "1998.08.01"]
[Round "9"]
[White "Prahov, Valentin"]
[Black "Wolrich, Charles"]
[Result "0-1"]
[WhiteElo "2235"]
[BlackElo "2135"]
[PlyCount "66"]
[GameId "2160767911872673"]
[EventDate "1998.07.25"]
[EventType "swiss"]
[EventRounds "9"]
[EventCountry "CAN"]
[SourceTitle "EXT 2022"]
[Source "ChessBase"]
[SourceDate "2021.10.06"]
[SourceVersion "1"]
[SourceVersionDate "2021.10.06"]
[SourceQuality "1"]

1. e4 e6 2. d4 d5 3. e5 c5 4. c3 Qb6 5. Nf3 Bd7 6. a3 cxd4 7. cxd4 Bb5 8. Bxb5+ Qxb5 9. Nc3 Qa6 10. Be3 Ne7 11. b4 Nf5 12. b5 Qa5 13. Bd2 Qb6 14. Be3 Be7 15. O-O O-O 16. Qd3 Nxe3 17. fxe3 Nd7 18. Rfc1 Rac8 19. Nd2 Rc7 20. Nb3 Rfc8 21. Rc2 a6 22. a4 axb5 23. axb5 Bb4 24. Na4 Rxc2 25. Nxb6 Nxb6 26. Ra7 R8c3 27. Qd1 Rb2 28. Rxb7 Rcxb3 29. Qf3 Rb1+ 30. Kf2 Be1+ 31. Ke2 R3b2+ 32. Kd3 Rd2+ 33. Kc3 Na4# 0-1

[Event "Quebec op"]
[Site "Montreal CAN"]
[Date "1998.08.01"]
[Round "9"]
[White "Regnier, Alain"]
[Black "Gardner, Robert"]
[Result "1-0"]
[WhiteElo "1977"]
[BlackElo "2137"]
[PlyCount "75"]
[GameId "2160767911872674"]
[EventDate "1998.07.25"]
[EventType "swiss"]
[EventRounds "9"]
[EventCountry "CAN"]
[SourceTitle "EXT 2022"]
[Source "ChessBase"]
[SourceDate "2021.10.06"]
[SourceVersion "1"]
[SourceVersionDate "2021.10.06"]
[SourceQuality "1"]

1. e4 c5 2. g3 b6 3. Bg2 Bb7 4. c4 g6 5. Ne2 Bg7 6. O-O Nc6 7. Nbc3 e6 8. d3 Nge7 9. Bg5 a6 10. Qd2 h6 11. Be3 Nd4 12. Rab1 Nec6 13. a3 a5 14. f4 Nxe2+ 15. Nxe2 Nd4 16. b4 axb4 17. axb4 Qc7 18. g4 f5 19. gxf5 exf5 20. bxc5 bxc5 21. Bxd4 cxd4 22. Rxb7 Qxb7 23. exf5 Qa6 24. Bxa8 Qxa8 25. fxg6 Qc6 26. f5 Bf6 27. Qf4 Kf8 28. Ng3 h5 29. Rb1 Kg7 30. Rb8 Rxb8 31. Nxh5+ Kf8 32. Qxb8+ Ke7 33. Qb4+ d6 34. Qe1+ Be5 35. f6+ Kf8 36. Qa5 Qc7 37. g7+ Kf7 38. Qd5+ 1-0

[Event "Quebec op"]
[Site "Montreal CAN"]
[Date "1998.08.01"]
[Round "9"]
[White "Rosen, Matthew"]
[Black "Soudre, Nicolas"]
[Result "1/2-1/2"]
[WhiteElo "1871"]
[BlackElo "2016"]
[PlyCount "87"]
[GameId "2160767911872675"]
[EventDate "1998.07.25"]
[EventType "swiss"]
[EventRounds "9"]
[EventCountry "CAN"]
[SourceTitle "EXT 2022"]
[Source "ChessBase"]
[SourceDate "2021.10.06"]
[SourceVersion "1"]
[SourceVersionDate "2021.10.06"]
[SourceQuality "1"]

1. e4 e6 2. d4 d5 3. Nc3 Bb4 4. e5 c5 5. a3 Bxc3+ 6. bxc3 Ne7 7. Nf3 b6 8. Bb5+ Nbc6 9. O-O a5 10. a4 Ba6 11. Rb1 Bxb5 12. Rxb5 Na7 13. Rb1 Qc7 14. Ng5 h6 15. Qh5 g6 16. Qh3 Nf5 17. g4 O-O-O 18. Nf3 Ne7 19. dxc5 bxc5 20. Ba3 h5 21. g5 Nf5 22. Rfe1 Kd7 23. Nd2 c4 24. f4 Rb8 25. Qf3 Rxb1 26. Rxb1 Rb8 27. Rxb8 Qxb8 28. Qf2 Nc6 29. Kf1 Kc7 30. Qc5 Qb6 31. Qf8 Nd8 32. Bc5 Qc6 33. Nf3 Kc8 34. Nd4 Nxd4 35. cxd4 Qb7 36. Ke2 Qb1 37. Kd2 c3+ 38. Kxc3 Qa1+ 39. Kd2 Qxa4 40. Bb6 Qb4+ 41. Qxb4 axb4 42. Bxd8 Kxd8 43. h4 Kc7 44. c3 1/2-1/2

[Event "Quebec op"]
[Site "Montreal CAN"]
[Date "1998.08.01"]
[Round "9"]
[White "Seguin, Rene"]
[Black "Cote, Jacques"]
[Result "1-0"]
[WhiteElo "1938"]
[BlackElo "1969"]
[PlyCount "105"]
[GameId "2160767911872676"]
[EventDate "1998.07.25"]
[EventType "swiss"]
[EventRounds "9"]
[EventCountry "CAN"]
[SourceTitle "EXT 2022"]
[Source "ChessBase"]
[SourceDate "2021.10.06"]
[SourceVersion "1"]
[SourceVersionDate "2021.10.06"]
[SourceQuality "1"]

1. e4 e5 2. Nf3 Nc6 3. d4 exd4 4. Nxd4 Qh4 5. Nb5 Bb4+ 6. c3 Qxe4+ 7. Be3 Ba5 8. Nd2 Qe7 9. Nc4 a6 10. Nd4 Bb6 11. Nxb6 cxb6 12. Nf5 Qf6 13. Nd6+ Ke7 14. Nc4 Qg6 15. Nxb6 Rb8 16. Nd5+ Kf8 17. Qd2 Nge7 18. Nb6 Nf5 19. Bf4 Qe6+ 20. Qe2 d6 21. g4 Ne5 22. O-O-O Nxg4 23. Qxg4 Qxa2 24. Nxc8 Qa1+ 25. Kc2 Qa4+ 26. Kd2 Qc6 27. Bg2 Qxc8 28. Be4 Ne7 29. Qxc8+ Nxc8 30. Bf5 Ke7 31. Rhe1+ Kf6 32. Bxc8 Rbxc8 33. Kc2 g5 34. Bxd6 Rhe8 35. Bg3 h5 36. h4 g4 37. Bf4 Kf5 38. Bg3 f6 39. Rxe8 Rxe8 40. Rd7 b5 41. Kd3 Re1 42. Rd5+ Kg6 43. Rd6 Ra1 44. Be5 Rd1+ 45. Ke2 Rb1 46. Rxf6+ Kh7 47. b4 Rb2+ 48. Kd3 Ra2 49. Bg3 a5 50. bxa5 Rxa5 51. Rb6 Kg7 52. Kc2 Kh7 53. Kb3 1-0

[Event "Quebec op"]
[Site "Montreal CAN"]
[Date "1998.08.02"]
[Round "9"]
[White "Leveille, Francois"]
[Black "Reeve, Jeff"]
[Result "0-1"]
[WhiteElo "2295"]
[BlackElo "2175"]
[PlyCount "80"]
[GameId "2160767911872681"]
[EventDate "1998.07.25"]
[EventType "swiss"]
[EventRounds "9"]
[EventCountry "CAN"]
[SourceTitle "EXT 1999"]
[Source "ChessBase"]
[SourceDate "1998.11.10"]
[SourceVersion "1"]
[SourceVersionDate "1998.11.10"]
[SourceQuality "1"]

1. d4 Nf6 2. c4 c5 3. d5 b5 4. cxb5 a6 5. f3 axb5 6. e4 Qa5+ 7. Bd2 b4 8. Na3 d6 9. Nc4 Qc7 10. a3 bxa3 11. Rxa3 Rxa3 12. bxa3 g6 13. Qa4+ Nbd7 14. Qc6 Qb8 15. Bd3 Bg7 16. Ne2 O-O 17. O-O Qb3 18. Nc1 Qb8 19. Re1 Nh5 20. g4 Bd4+ 21. Kg2 Ng7 22. Bg5 f6 23. Bh4 Ne5 24. Nxe5 Qb2+ 25. Ne2 Bxe5 26. Qa4 h5 27. h3 hxg4 28. hxg4 Kf7 29. Bf2 Rh8 30. f4 Bxg4 31. fxe5 Qxe5 32. Bg3 Qg5 33. e5 Nh5 34. exf6 Nxg3 35. Nxg3 Qd2+ 36. Re2 Bxe2 37. Bxg6+ Kxg6 38. Qe4+ Kh6 39. Qh4+ Bh5+ 40. Kh3 Qg5 0-1

[Event "Quebec op"]
[Site "Montreal CAN"]
[Date "1998.08.02"]
[Round "9"]
[White "Nogueiras, Jesus"]
[Black "Linskiy, Oleg"]
[Result "1-0"]
[WhiteElo "2520"]
[BlackElo "2375"]
[PlyCount "69"]
[GameId "2160767911872683"]
[EventDate "1998.07.25"]
[EventType "swiss"]
[EventRounds "9"]
[EventCountry "CAN"]
[SourceTitle "EXT 1999"]
[Source "ChessBase"]
[SourceDate "1998.11.10"]
[SourceVersion "1"]
[SourceVersionDate "1998.11.10"]
[SourceQuality "1"]

1. c4 c5 2. Nf3 Nf6 3. g3 Nc6 4. d4 cxd4 5. Nxd4 d6 6. Bg2 Bd7 7. Nc3 g6 8. O-O Bg7 9. Nc2 O-O 10. e4 a6 11. Qe2 Rb8 12. Rd1 Ne8 13. Rb1 Ne5 14. a4 Bg4 15. f3 Be6 16. Nd5 Qd7 17. Ra1 Nc6 18. Ra3 f5 19. exf5 Bxf5 20. Nde3 Bh3 21. Bh1 Be6 22. b4 Rc8 23. f4 Kh8 24. Bf3 b6 25. Nd5 Rb8 26. Be3 Bf5 27. Nxb6 Qc7 28. Nd5 Qc8 29. b5 Bxc2 30. Qxc2 Na5 31. Rc1 e6 32. Nb4 e5 33. Nxa6 exf4 34. gxf4 Qe6 35. Nxb8 1-0

[Event "Quebec op"]
[Site "Montreal CAN"]
[Date "1998.08.02"]
[Round "9"]
[White "Tansky, Alexandr"]
[Black "Hua, Lefong"]
[Result "1/2-1/2"]
[WhiteElo "2040"]
[BlackElo "2250"]
[PlyCount "72"]
[GameId "2160767911872685"]
[EventDate "1998.07.25"]
[EventType "swiss"]
[EventRounds "9"]
[EventCountry "CAN"]
[SourceTitle "EXT 1999"]
[Source "ChessBase"]
[SourceDate "1998.11.10"]
[SourceVersion "1"]
[SourceVersionDate "1998.11.10"]
[SourceQuality "1"]

1. Nf3 c5 2. g3 Nc6 3. Bg2 Nf6 4. d3 g6 5. O-O Bg7 6. e4 d6 7. c3 O-O 8. Nbd2 Rb8 9. d4 cxd4 10. Nxd4 e5 11. Nc2 d5 12. exd5 Nxd5 13. Nc4 Be6 14. N4e3 Nb6 15. Qxd8 Rfxd8 16. b3 f5 17. Nd1 Rd7 18. Re1 Bf7 19. Rb1 Nd5 20. Nce3 e4 21. Nxd5 Rxd5 22. Bf4 Rbd8 23. f3 exf3 24. Bxf3 Rd3 25. Bxc6 bxc6 26. c4 Bf6 27. Nf2 Bd4 28. Kg2 Rc3 29. Rbc1 Rxc1 30. Bxc1 c5 31. Bg5 Re8 32. Rxe8+ Bxe8 33. Nd3 Bc6+ 34. Kf1 Be4 35. Ke2 Kf7 36. a3 Ke6 1/2-1/2

[Event "Quebec op U1700"]
[Site "Montreal CAN"]
[Date "1998.07.25"]
[Round "1"]
[White "Martin, Robert"]
[Black "Bertin, Francois"]
[Result "1-0"]
[WhiteElo "1486"]
[BlackElo "1065"]
[PlyCount "33"]
[GameId "2160767911872687"]
[EventDate "1998.07.25"]
[EventType "swiss"]
[EventRounds "9"]
[EventCountry "CAN"]
[SourceTitle "hb 2015"]

1. e4 e5 2. Nf3 Nc6 3. Bb5 a6 4. Ba4 b5 5. Bb3 Nf6 6. d4 exd4 7. e5 Ng4 8. Bxf7+ Kxf7 9. Ng5+ Kg8 10. Qxg4 Nxe5 11. Qxd4 Qf6 12. Qd5+ Nf7 13. Nxf7 Qe7+ 14. Ne5+ Qe6 15. Qxa8 Qxe5+ 16. Be3 Qxb2 17. Qd5# 1-0

[Event "Quebec op U1700"]
[Site "Montreal CAN"]
[Date "1998.07.26"]
[Round "2"]
[White "Vezeau, Patrice"]
[Black "Martin, Robert"]
[Result "1-0"]
[WhiteElo "1637"]
[BlackElo "1486"]
[PlyCount "135"]
[GameId "2160767911872688"]
[EventDate "1998.07.25"]
[EventType "swiss"]
[EventRounds "9"]
[EventCountry "CAN"]
[SourceTitle "hb 2015"]

1. e4 e5 2. Nf3 Nc6 3. Bc4 Nf6 4. Ng5 d5 5. exd5 Na5 6. Bb5+ c6 7. dxc6 bxc6 8. Qf3 Bb7 9. Ba4 Be7 10. d3 O-O 11. O-O Nd5 12. Qh5 h6 13. Nf3 Nf6 14. Qxe5 Bd6 15. Qe2 Re8 16. Qd2 Nd5 17. a3 Nb6 18. Qxa5 Nxa4 19. Qxa4 c5 20. Qg4 Re6 21. Nbd2 Rg6 22. Qh4 Rxg2+ 23. Kh1 Rxh2+ 24. Qxh2 Bxh2 25. Kxh2 Qd6+ 26. Kh1 Qf4 27. Kg2 Qg4+ 28. Kh2 Qf4+ 29. Kg2 Re8 30. Rg1 Bxf3+ 31. Nxf3 Qg4+ 32. Kh2 Qxf3 33. Be3 Re5 34. Rg2 Rh5+ 35. Kg1 Qh3 36. Kf1 Qh1+ 37. Rg1 Qf3 38. Ke1 Re5 39. Kd2 f5 40. Rg3 Qc6 41. Rag1 Re7 42. Rg6 Qf3 43. Bxc5 Qe2+ 44. Kc1 Rc7 45. b4 Kh7 46. Ra6 Rxc5 47. bxc5 Qxf2 48. Rag6 Kg8 49. Rxg7+ Kf8 50. c6 Qe3+ 51. Kb1 Qb6+ 52. Ka2 Qc5 53. R1g2 Qd5+ 54. Kb1 Qb5+ 55. Kc1 Qa5 56. c7 Qxa3+ 57. Kd1 Qa1+ 58. Ke2 Qe5+ 59. Kf3 Qd5+ 60. Kf4 Qd6+ 61. Kxf5 Qd5+ 62. Kf4 Qd4+ 63. Kf3 Qd5+ 64. Kg3 Qe5+ 65. Kh4 Qf4+ 66. R7g4 Qf6+ 67. Kh3 Qf3+ 68. Kh2 1-0

[Event "Quebec op U1700"]
[Site "Montreal CAN"]
[Date "1998.07.27"]
[Round "4"]
[White "Laforest, Claude"]
[Black "Martin, Robert"]
[Result "0-1"]
[WhiteElo "1412"]
[BlackElo "1486"]
[PlyCount "58"]
[GameId "2160767911872689"]
[EventDate "1998.07.25"]
[EventType "swiss"]
[EventRounds "9"]
[EventCountry "CAN"]
[SourceTitle "hb 2015"]

1. e4 e5 2. Nf3 Nc6 3. Bc4 Nf6 4. Nc3 Bc5 5. O-O d6 6. a3 a5 7. d3 Bg4 8. Be3 Nd4 9. Bxd4 Bxd4 10. h3 Bh5 11. Rb1 O-O 12. Nb5 Bb6 13. a4 c6 14. Na3 d5 15. g4 Bxg4 16. hxg4 dxc4 17. Nxc4 Nxg4 18. Kg2 Bc7 19. Rh1 f5 20. Qe2 fxe4 21. dxe4 Rf4 22. Ncd2 Qf6 23. Rh3 Bb6 24. Rf1 Rf8 25. Nb3 Qg6 26. Rg3 Rxf3 27. Qc4+ Kh8 28. Nc5 Rxg3+ 29. fxg3 Ne3+ 0-1

[Event "Quebec op U1700"]
[Site "Montreal CAN"]
[Date "1998.07.28"]
[Round "5"]
[White "Elnoufi, Hussein"]
[Black "Martin, Robert"]
[Result "0-1"]
[WhiteElo "1070"]
[BlackElo "1486"]
[PlyCount "80"]
[GameId "2160767911872690"]
[EventDate "1998.07.25"]
[EventType "swiss"]
[EventRounds "9"]
[EventCountry "CAN"]
[SourceTitle "hb 2015"]

1. e4 e5 2. Nf3 Nc6 3. Bb5 a6 4. Ba4 Nf6 5. O-O b5 6. Bb3 Be7 7. Re1 O-O 8. c3 d5 9. exd5 Nxd5 10. Nxe5 Nxe5 11. Rxe5 Nf6 12. h3 Bd6 13. Re1 Ng4 14. Qe2 Qh4 15. d4 Bh2+ 16. Kh1 Bd6 17. Be3 Nxe3 18. Qxe3 Bf4 19. Qe2 Bxh3 20. g3 Qh6 21. Kg1 Bd6 22. Bd5 Rae8 23. Qxe8 Rxe8 24. Rxe8+ Bf8 25. Na3 Bd7 26. Re3 Qg5 27. Bg2 h5 28. Re5 Qd2 29. Rb1 g6 30. Bf3 Bd6 31. Ree1 h4 32. Re2 Qg5 33. Bg2 hxg3 34. fxg3 Qxg3 35. Nc2 Bf5 36. Rbe1 Bxc2 37. a3 Qh2+ 38. Kf1 Bd3 39. Bf3 Bg3 40. Be4 Qf2# 0-1

[Event "Quebec op U1700"]
[Site "Montreal CAN"]
[Date "1998.07.28"]
[Round "6"]
[White "Martin, Robert"]
[Black "Miron, Alexandre"]
[Result "1-0"]
[WhiteElo "1486"]
[BlackElo "1322"]
[PlyCount "73"]
[GameId "2160767911872691"]
[EventDate "1998.07.25"]
[EventType "swiss"]
[EventRounds "9"]
[EventCountry "CAN"]
[SourceTitle "hb 2015"]

1. e4 e6 2. d4 d5 3. Nd2 c5 4. c3 Nc6 5. Ngf3 Qb6 6. exd5 exd5 7. Nb3 cxd4 8. Nbxd4 Nxd4 9. Nxd4 Nf6 10. Bb5+ Bd7 11. Qe2+ Be7 12. Bxd7+ Nxd7 13. O-O Kf8 14. Be3 Re8 15. Rad1 Nf6 16. Qf3 a6 17. b4 Qc7 18. Nf5 Bd6 19. Nxd6 Qxd6 20. Bc5 Qxc5 21. bxc5 Ne4 22. Rxd5 g6 23. Rd7 f5 24. Qd3 Re7 25. Rd8+ Re8 26. f3 Rxd8 27. Qxd8+ Kg7 28. Qe7+ Kh6 29. fxe4 Rc8 30. Rf4 g5 31. Qf6+ Kh5 32. Rxf5 h6 33. Qf7+ Kg4 34. h3+ Kg3 35. Rf3+ Kh4 36. Kh2 Rxc5 37. g3# 1-0

[Event "Quebec op U1700"]
[Site "Montreal CAN"]
[Date "1998.07.30"]
[Round "7"]
[White "Lanuzo, Angelito"]
[Black "Martin, Robert"]
[Result "0-1"]
[WhiteElo "1629"]
[BlackElo "1486"]
[PlyCount "112"]
[GameId "2160767911872692"]
[EventDate "1998.07.25"]
[EventType "swiss"]
[EventRounds "9"]
[EventCountry "CAN"]
[SourceTitle "hb 2015"]

1. e4 e5 2. Nf3 Nc6 3. Nc3 Nf6 4. d4 exd4 5. Nxd4 Bc5 6. Nxc6 bxc6 7. Be2 Qe7 8. O-O O-O 9. Bg5 h6 10. Bxf6 Qxf6 11. Qd2 Rd8 12. Kh1 Bb7 13. f4 d5 14. e5 Qh4 15. Bd3 a5 16. a4 Bb4 17. Qe2 Re8 18. Qf3 Rad8 19. Ne2 Bc5 20. Ng3 Bc8 21. Bf5 g6 22. Bxc8 Rxc8 23. Qc3 Qe7 24. Qd2 f5 25. exf6 Qxf6 26. Rae1 Bd6 27. f5 Qh4 28. Re3 Bxg3 29. Rxg3 g5 30. Rh3 Qc4 31. Qf2 Re2 32. Qf3 Re3 33. Qd1 Rxh3 34. gxh3 Qe4+ 35. Kg1 Rf8 36. Qg4 Qxc2 37. Qh5 Qc5+ 38. Rf2 Rf6 39. h4 Kg7 40. hxg5 Qc1+ 41. Kg2 Qxg5+ 42. Qxg5+ hxg5 43. Rc2 Rd6 44. Kf3 Kf6 45. Rc5 Kxf5 46. Rxa5 g4+ 47. Kf2 Rh6 48. Kg2 Ke4 49. Rc5 d4 50. a5 d3 51. Kf2 Rxh2+ 52. Ke1 d2+ 53. Kd1 g3 54. a6 g2 55. Rg5 Rh1+ 56. Kxd2 g1=Q 0-1

[Event "Quebec op U1700"]
[Site "Montreal CAN"]
[Date "1998.07.31"]
[Round "8"]
[White "Martin, Robert"]
[Black "Debellefeuille, Paul"]
[Result "1-0"]
[WhiteElo "1486"]
[BlackElo "1555"]
[PlyCount "101"]
[GameId "2160767911872693"]
[EventDate "1998.07.25"]
[EventType "swiss"]
[EventRounds "9"]
[EventCountry "CAN"]
[SourceTitle "hb 2015"]

1. e4 e5 2. Nf3 Nc6 3. Bb5 a6 4. Ba4 Nf6 5. O-O Be7 6. d4 exd4 7. e5 Ne4 8. c4 O-O 9. Bf4 Nc5 10. Bc2 d3 11. Bxd3 Nxd3 12. Qxd3 Re8 13. Nc3 h6 14. Rad1 Bf8 15. Nd5 d6 16. Bxh6 Nxe5 17. Nxe5 dxe5 18. Qg3 c6 19. Bg5 Qa5 20. Nf6+ gxf6 21. Bxf6+ Kh7 22. Qh4+ Bh6 23. Qe4+ Kg8 24. Rd3 Bf4 25. g3 Bh6 26. Qh4 Kh7 27. g4 Bxg4 28. Bg5 Re6 29. Qxg4 e4 30. Rg3 Rg8 31. Qh5 Qf5 32. h4 Reg6 33. f4 f6 34. Kg2 Rd8 35. Rf2 Rd3 36. b3 e3 37. Re2 Qe4+ 38. Qf3 Qxf3+ 39. Kxf3 fxg5 40. hxg5 Bf8 41. Rxe3 Rxe3+ 42. Kxe3 Bd6 43. Rg2 Kg8 44. f5 Rg7 45. f6 Rg6 46. Ke4 Kf7 47. Kf5 Bc7 48. Rd2 Rxg5+ 49. Kxg5 Be5 50. Rd7+ Ke8 51. Re7+ 1-0

[Event "Quebec op U1700"]
[Site "Montreal CAN"]
[Date "1998.08.01"]
[Round "9"]
[White "Duplessis, Jean-Roch"]
[Black "Martin, Robert"]
[Result "0-1"]
[WhiteElo "1486"]
[BlackElo "1533"]
[PlyCount "84"]
[GameId "2160767911872694"]
[EventDate "1998.07.25"]
[EventType "swiss"]
[EventRounds "9"]
[EventCountry "CAN"]
[SourceTitle "hb 2015"]

1. d4 d5 2. Nf3 Nf6 3. e3 c5 4. c3 e6 5. Nbd2 Nc6 6. Bd3 Be7 7. O-O O-O 8. dxc5 Bxc5 9. e4 e5 10. exd5 Nxd5 11. Ne4 Be7 12. Ng3 Nf6 13. Qc2 Bg4 14. Nh4 g6 15. Bh6 Re8 16. Nxg6 hxg6 17. Bxg6 Bf8 18. Bg5 fxg6 19. Qxg6+ Bg7 20. Bxf6 Qxf6 21. Qxg4 Rad8 22. Nh5 Qf7 23. Qxg7+ Qxg7 24. Nxg7 Kxg7 25. Rad1 Rxd1 26. Rxd1 Rd8 27. Rxd8 Nxd8 28. f3 Ne6 29. Kf2 Nc5 30. b4 Na4 31. c4 Nb2 32. Ke3 Nxc4+ 33. Ke4 Kf6 34. f4 Nd6+ 35. Kd5 e4 36. Kd4 Kf5 37. Ke3 Nc4+ 38. Ke2 Kxf4 39. Kf1 Ne3+ 40. Kf2 Ng4+ 41. Ke2 Nxh2 42. g3+ Ke5 0-1